Историята на Атлантида | 2750 година (Запис номер 327153)
[ съкратено ]
| 000 -Лидер | |
|---|---|
| Контролно поле с фиксирана дължина | nam a22 a 4500 |
| 003 - Код на организацията, давaща контролен номер | |
| Контролно поле | BLK |
| 005 - Дата и час на последна редакция | |
| Контролно поле | 20201007040527.0 |
| 008 - Елементи от данни с фиксирана дължина | |
| fixed length control field | 181205b bu ||||er|||| 00| 0 bu d |
| 020 ## - Международен стандартен номер на книга ISBN | |
| Международен стандартен номер на книга ISBN | 9786199085509 |
| 040 ## - Източник на каталожния запис | |
| Идентификатор на билиотеката - собственик на записа | BLK |
| 041 ## - Код за език | |
| Код за езика на текст/звукозапис или на отделно заглавие | Български |
| Код за езика КДБФ | Български |
| 080 ## - УДК | |
| Текстов определител УДК | Паранормални явления. Проблеми на окултното. Парапсихологични явления |
| УДК код - определител по УДК | 133 |
| УДК - код + определител | 133 |
| 080 ## - УДК | |
| Текстов определител УДК | Разпространяване на научните знания - популяризиране на науката, занимателна наука, учение за явленията научно необяснени, заблуждения и фалшификации, илюзии и др. п., секретност на научните знания |
| УДК код - определител по УДК | 001.9 |
| УДК - код + определител | 001,9 |
| 100 ## - Редна дума - Автор | |
| Автор | Скот-Елиът, Уилям |
| Авторска отговорност | първи автор |
| R(LIN) | 1299 |
| 139 ## - Редно поле | |
| Редна дума | Скот-Елиът, Уилям |
| Авторски знак | Ско - С 40 |
| 240 ## - Унифицирано заглавие | |
| Унифицирано заглавие | The story of Atlantis. български език |
| 245 ## - Сведения за заглавието | |
| Заглавие | Историята на Атлантида |
| Подзаглавни данни | ясновидско изследване в миналото |
| 245 ## - Сведения за заглавието | |
| Заглавие | 2750 година |
| Подзаглавни данни | ясновидско изследване в бъдещето |
| 260 ## - Област на издателските данни | |
| 9 (RLIN) | 210262 |
| Място на издаване, разпространение и проч. | София |
| Име на издателя, разпространителя и проч. | Вселена |
| Година на издаване | 2017 |
| Печатница | Алианс Принт |
| Дата на отпечатване | 2017 |
| 300 ## - Физическа характеристика | |
| Страници | 263 с. |
| Размери/Мащаб | 20 см |
| 380 ## - Жанр | |
| Жанр | Религия. Теология |
| 500 ## - Общи забележки | |
| Забележка | Ориг. загл. установено от доп. източник: The story of Atlantis / William Scott-Elliot |
| 650 #7 - Допълнително описание по предмет – тема | |
| 9 (RLIN) | 147823 |
| Основно описание – тема или топоним | Атлантида |
| 650 #7 - Допълнително описание по предмет – тема | |
| 9 (RLIN) | 167581 |
| Основно описание – тема или топоним | Предсказания |
| 700 ## - Други автори (авторска отговорност) | |
| 9 (RLIN) | 373442 |
| Лично име | Ледбитър, Чарлз Уебстър |
| Автороска отговорност (Описва отношението между автора и произведението) | съавт. |
| 700 ## - Други автори (авторска отговорност) | |
| 9 (RLIN) | 966 |
| Лично име | Шишков, Александър |
| Автороска отговорност (Описва отношението между автора и произведението) | прев. |
| 700 ## - Други автори (авторска отговорност) | |
| 9 (RLIN) | 966 |
| Лично име | Ников, Софроний |
| Автороска отговорност (Описва отношението между автора и произведението) | прев. |
| 852 ## - Местоположение | |
| Форматна сигнатура | Цб 292167 |
| 999 ## - СИСТЕМНИ КОНТРОЛНИ НОМЕРА | |
| Koha biblionumber | 327153 |
| Koha biblioitemnumber | 327153 |
| 942 ## - АРТИКУЛИ | |
| Вид на библиотечния материал | Книги |
| Скрит в OPAC | Не |
| 944 ## - СЪЗДАВАНЕ И РЕДАКЦИЯ на ЗАПИСА | |
| Създаване/Редакция | Създаване |
| Дата на регистрацията/редакция | 2018-12-05 |
| Служител, извършил регистрацията/редакцията | Петя Минчева |
| Статус, дата на статуса | 2018-12-05 |
| 999 ## - СИСТЕМНИ КОНТРОЛНИ НОМЕРА | |
| Koha biblioitemnumber | 327153 |
| Код за отписване | Код за изгубен артикул | Източник на класификационната схема | Код за повреда | Коз за рестрикции | Код за отдаване | Артикулен № | Име на библиотеката - собственик | Име на библиотеката, в която се намира в момента | Статус (Текущо местоположение) | Дата на вписване в системата | Местоположение - отдел | Цена в лева | Систематично азбучна сигнатура | Баркод | Цена в евро | Служебен тип на артикула |
|---|---|---|---|---|---|---|---|---|---|---|---|---|---|---|---|---|
| Не е изгубен | Universal Decimal Classification | Не е повреден | без рестрикции | ползва се в читалня | 684993 | Регионална библиотека "Любен Каравелов" Русе | Регионална библиотека "Любен Каравелов" Русе | Хранилище | 2018-12-10 | Хранилище | 14.00 | Цб 292167 | 120000826267 | 7.16 | Книги |